000 00773nab a2200229 u 4500
001 16359
003 HDC
007 cr bn ---aaaaa
008 210220c20100702xx dr|noo 0 a eng d
040 _aHDC
245 0 _aIndonesia: Mandatory Halal Could Boost Trading Power
260 _a[No place] :
_b[publisher not identified],
_c2010
336 _atext
_2rdacontent
337 _acomputer
_2rdamedia
338 _aonline resource
_2rdacarrier
650 _aFood products
_92068
650 _aHalal certification
_zIndonesia
_97402
856 _zRequest full-text at [email protected]
942 _2lcc
942 _cNEWS
942 _kNWSO 005679
999 _c13675
_d13675